Off Limits: New Writings On Fear And Sin (Record no. 571154)

MARC details
000 -LEADER
fixed length control field 00401nam a2200157Ia 4500
003 - CONTROL NUMBER IDENTIFIER
control field OSt
005 - DATE AND TIME OF LATEST TRANSACTION
control field 20250529142616.0
008 - FIXED-LENGTH DATA ELEMENTS--GENERAL INFORMATION
fixed length control field 250516s9999 xx 000 0 und d
020 ## - INTERNATIONAL STANDARD BOOK NUMBER
International Standard Book Number 9781909942479
040 ## - CATALOGING SOURCE
Transcribing agency -
082 ## - DEWEY DECIMAL CLASSIFICATION NUMBER
Classification number 892.736 EL
100 ## - MAIN ENTRY--PERSONAL NAME
Personal name El Saadawi, Nawal
245 #0 - TITLE STATEMENT
Title Off Limits: New Writings On Fear And Sin
260 ## - PUBLICATION, DISTRIBUTION, ETC.
Name of publisher, distributor, etc. University of Chicago Press
Date of publication, distribution, etc. 2020
942 ## - ADDED ENTRY ELEMENTS (KOHA)
Koha item type English Books
Source of classification or shelving scheme Dewey Decimal Classification
Holdings
Withdrawn status Lost status Source of classification or shelving scheme Damaged status Not for loan Home library Current library Shelving location Date acquired Total Checkouts Full call number Barcode Date last seen Price effective from Koha item type
    Dewey Decimal Classification     Anna Centenary Library Anna Centenary Library 4TH FLOOR, B WING 27.03.2025   892.736 EL 702658 16.05.2025 16.05.2025 English Books
    Dewey Decimal Classification     Anna Centenary Library Anna Centenary Library 4TH FLOOR, B WING 27.03.2025   892.736 EL 702657 16.05.2025 16.05.2025 English Books

Find us on the map